000 00861nam a2200241 a 4500
001 BRCA_4787
005 20190320204815.0
008 811006s1969----mx-a######---#000-0#spa-#
041 _aspa
044 _amx
050 4 _aCD3679
_b.F47 1969
100 1 _aFernández, Justino
_d1904-1972
_96551
245 1 0 _aGuía del archivo de la antigua Academia de San Carlos
_b1781-1800
_cJustino Fernández.
260 _aMéxico
_bUNAM, Instituto de Investigaciones Estéticas
_c1969
300 _a114 p.
_bil., 1 lámina
_c24 cm.
500 _aSuplemento 3 del núm. 37 de los Anales del Instituto de Investigaciones Estéticas
500 _aCFG57
610 2 4 _aAcademia de San Carlos
_912114
650 1 4 _aAcademias, sociedades doctas, etc.
_xRevistas
_zMéxico
_912115
710 2 _aInstituto de Investigaciones Estéticas
_911544
902 _aGFM
942 _2lcc
_cB
999 _c4484
_d4484